[Event "XXII. DBMM Schach"]
[Site "Dresden"]
[Date "2024.01.18"]
[Round "2.1"]
[Board "1"]
[White "Gottschalk, Jens"]
[Black "Sawatzki, Frank"]
[Result "1/2-1/2"]
[WhiteElo "2213"]
[BlackElo "2347"]
[Annotator "br"]
[PlyCount "113"]
[GameId "489223819670"]
[EventDate "2024.01.18"]
[EventType "team-swiss"]
[EventRounds "7"]
[EventCountry "GER"]
[Tiebreak "Buchholz"]
[SourceTitle "XXII. DBMM Schach"]
[Source "FV Schach e.V."]
[SourceDate "2024.01.21"]
[SourceVersion "1"]
[SourceVersionDate "2024.01.21"]
[SourceQuality "1"]
[WhiteTeam "R+V Versicherung Wiesbaden"]
[BlackTeam "BA Nord/Baubehoerde Hamburg"]
[WhiteTeamCountry "GER"]
[BlackTeamCountry "GER"]

1. d4 d5 2. c4 c6 3. Nf3 Nf6 4. e3 Bf5 5. Nc3 a6 6. a4 e6 7. Qb3 Ra7 8. Nh4 Be4 9. Nxe4 dxe4 10. g3 c5 11. dxc5 Nbd7 12. Bd2 Nxc5 13. Qc3 a5 14. Be2 b6 15. O-O Rd7 16. Rfd1 Be7 17. b4 axb4 18. Qxb4 O-O 19. Bc3 Nd3 20. Qb3 Ne8 21. Ng2 Bf6 22. Rab1 Nc5 23. Bxf6 Qxf6 24. Qxb6 Nxa4 25. Qc6 Rxd1+ 26. Rxd1 Nc3 27. Re1 Qd8 28. Bf1 Nf6 29. Qc5 Qd2 30. Qd4 Qc2 31. h3 Qb2 32. Qa7 h6 33. Qa1 Qb4 34. Rc1 Na4 35. Rb1 Qa5 36. Rb5 Qa7 37. Rb3 Ra8 38. Ra3 Nd7 39. Nf4 Ndc5 40. Ne2 Qb8 41. Nc3 Nb6 42. Rxa8 Qxa8 43. Qxa8+ Nxa8 44. Bg2 f5 45. f3 exf3 46. Bxf3 Nb6 47. Be2 Kf7 48. Kf2 Kf6 49. Kf3 Ke5 50. g4 Nc8 51. Nb5 Ne7 52. Nd4 g5 53. Bd1 Ne4 54. Bc2 Nd2+ 55. Ke2 Nxc4 56. Bb3 Nb6 57. Nxe6 1/2-1/2

[Event "XXII. DBMM Schach"]
[Site "Dresden"]
[Date "2024.01.18"]
[Round "2.2"]
[Board "2"]
[White "Hohlfeld, Wolfgang"]
[Black "Launert, Martin"]
[Result "1/2-1/2"]
[WhiteElo "2041"]
[BlackElo "1827"]
[Annotator "br"]
[PlyCount "86"]
[GameId "489223819671"]
[EventDate "2024.01.18"]
[EventType "team-swiss"]
[EventRounds "7"]
[EventCountry "GER"]
[Tiebreak "Buchholz"]
[SourceTitle "XXII. DBMM Schach"]
[Source "FV Schach e.V."]
[SourceDate "2024.01.21"]
[SourceVersion "1"]
[SourceVersionDate "2024.01.21"]
[SourceQuality "1"]
[WhiteTeam "BA Nord/Baubehoerde Hamburg"]
[BlackTeam "R+V Versicherung Wiesbaden"]
[WhiteTeamCountry "GER"]
[BlackTeamCountry "GER"]

1. e4 e5 2. Nf3 Nc6 3. Bb5 a6 4. Ba4 Nf6 5. O-O Be7 6. Re1 b5 7. Bb3 O-O 8. h3 d6 9. c3 Na5 10. Bc2 c5 11. d4 Qc7 12. Nbd2 Re8 13. Nf1 cxd4 14. cxd4 Bf8 15. Bg5 Nh5 16. Ne3 Bb7 17. Nd5 Bxd5 18. exd5 f6 19. Rc1 Qd7 20. Bd2 Nc4 21. Ng5 fxg5 22. Qxh5 g6 23. Qxg5 Bg7 24. b3 Nxd2 25. Qxd2 exd4 26. Rxe8+ Rxe8 27. Re1 Rxe1+ 28. Qxe1 Qd8 29. a4 bxa4 30. bxa4 a5 31. Bd3 Bf6 32. Qe6+ Kg7 33. g3 Qe7 34. Qxe7+ Bxe7 35. f4 g5 36. fxg5 Bxg5 37. Kf2 h6 38. Kf3 Kf6 39. Ke4 Be3 40. Bb5 Bf2 41. Kf3 Be3 42. Ke4 Bf2 43. Kf3 Be3 1/2-1/2

[Event "XXII. DBMM Schach"]
[Site "Dresden"]
[Date "2024.01.18"]
[Round "2.3"]
[Board "3"]
[White "Nischke, Klaus Peter"]
[Black "Hein, Ralf"]
[Result "0-1"]
[WhiteElo "1670"]
[BlackElo "2018"]
[Annotator "br"]
[PlyCount "72"]
[GameId "489223819672"]
[EventDate "2024.01.18"]
[EventType "team-swiss"]
[EventRounds "7"]
[EventCountry "GER"]
[Tiebreak "Buchholz"]
[SourceTitle "XXII. DBMM Schach"]
[Source "FV Schach e.V."]
[SourceDate "2024.01.21"]
[SourceVersion "1"]
[SourceVersionDate "2024.01.21"]
[SourceQuality "1"]
[WhiteTeam "R+V Versicherung Wiesbaden"]
[BlackTeam "BA Nord/Baubehoerde Hamburg"]
[WhiteTeamCountry "GER"]
[BlackTeamCountry "GER"]

1. e4 c5 2. Nc3 Nc6 3. f4 g6 4. Nf3 Bg7 5. Bb5 Nd4 6. Be2 d6 7. O-O Bd7 8. Bc4 e6 9. Nxd4 Bxd4+ 10. Kh1 a6 11. f5 exf5 12. exf5 Bxf5 13. Bxf7+ Kxf7 14. g4 Ne7 15. gxf5 Nxf5 16. Qf3 Qd7 17. Ne2 Qc6 18. Qxc6 bxc6 19. Ng3 Ke6 20. Ne4 Raf8 21. d3 d5 22. Ng5+ Kd7 23. Bf4 h6 24. Nf3 Rh7 25. c3 Bf6 26. Be5 Rhf7 27. Bxf6 Rxf6 28. Ne5+ Kd6 29. Rfe1 Nh4 30. Ng4 Rf4 31. Ne5 Rf2 32. Ng4 Rxb2 33. Re3 h5 34. Rh3 g5 35. Ne3 Re2 36. Rg1 Nf3 0-1

[Event "XXII. DBMM Schach"]
[Site "Dresden"]
[Date "2024.01.18"]
[Round "2.4"]
[Board "4"]
[White "Buchholz, Robert"]
[Black "Schmidt, Joerg"]
[Result "1/2-1/2"]
[WhiteElo "1953"]
[BlackElo "1762"]
[Annotator "br"]
[PlyCount "130"]
[GameId "489223819673"]
[EventDate "2024.01.18"]
[EventType "team-swiss"]
[EventRounds "7"]
[EventCountry "GER"]
[Tiebreak "Buchholz"]
[SourceTitle "XXII. DBMM Schach"]
[Source "FV Schach e.V."]
[SourceDate "2024.01.21"]
[SourceVersion "1"]
[SourceVersionDate "2024.01.21"]
[SourceQuality "1"]
[WhiteTeam "BA Nord/Baubehoerde Hamburg"]
[BlackTeam "R+V Versicherung Wiesbaden"]
[WhiteTeamCountry "GER"]
[BlackTeamCountry "GER"]

1. d4 d5 2. c4 c6 3. Nf3 Nf6 4. Nc3 e6 5. Bg5 h6 6. Bh4 Nbd7 7. e3 Be7 8. Rc1 Qa5 9. Bd3 g5 10. Bg3 dxc4 11. Bxc4 Ne4 12. Qd3 Nxc3 13. bxc3 Nb6 14. Be5 O-O 15. Bb3 Bd7 16. h4 f5 17. hxg5 hxg5 18. Rh8+ Kf7 19. Qxf5+ Ke8 20. Qg6+ Kd8 21. Rxf8+ Bxf8 22. Qf6+ Be7 23. Qh8+ Be8 24. Bxe6 Nd5 25. Bf7 Kd7 26. Qh3+ Kd8 27. Bxe8 Kxe8 28. Qh5+ Kd7 29. Nxg5 Nxc3 30. Qh3+ Ke8 31. Qh5+ Kd7 32. Qg4+ Ke8 33. Rc2 Ne4+ 34. Kd1 Nxg5 35. f4 Nf7 36. Qg8+ Bf8 37. Bg7 Ke7 38. g4 Qd5 39. g5 Qf3+ 40. Ke1 Qe4 41. Kd2 Re8 42. g6 Nd6 43. Rc5 Qg2+ 44. Kc3 Ne4+ 45. Kd3 Nxc5+ 46. dxc5 Rd8+ 47. Bd4 Qf1+ 48. Kd2 Rxd4+ 49. exd4 Qxf4+ 50. Kd3 Qf5+ 51. Kd2 Bh6+ 52. Kc3 Qf3+ 53. Kb2 Qf2+ 54. Kc3 Bd2+ 55. Kb3 Qe3+ 56. Kc2 Qc3+ 57. Kd1 Qc1+ 58. Ke2 Qe1+ 59. Kd3 Qe3+ 60. Kc2 Qc3+ 61. Kd1 Qxd4 62. Qf7+ Kd8 63. Qf8+ Kd7 64. Qf7+ Kd8 65. Qf8+ Kd7 1/2-1/2

[Event "XXII. DBMM Schach"]
[Site "Dresden"]
[Date "2024.01.18"]
[Round "2.1"]
[Board "1"]
[White "Wirth, Steffen"]
[Black "Fromme, Thorben"]
[Result "1/2-1/2"]
[WhiteElo "1826"]
[BlackElo "1700"]
[Annotator "br"]
[PlyCount "70"]
[GameId "489223819674"]
[EventDate "2024.01.18"]
[EventType "team-swiss"]
[EventRounds "7"]
[EventCountry "GER"]
[Tiebreak "Buchholz"]
[SourceTitle "XXII. DBMM Schach"]
[Source "FV Schach e.V."]
[SourceDate "2024.01.21"]
[SourceVersion "1"]
[SourceVersionDate "2024.01.21"]
[SourceQuality "1"]
[WhiteTeam "Gardez Robe Berlin II"]
[BlackTeam "DZ Bank Frankfurt II"]
[WhiteTeamCountry "GER"]
[BlackTeamCountry "GER"]

1. d4 d5 2. Nf3 Nf6 3. e3 Bf5 4. c4 c6 5. Nc3 e6 6. Nh4 Bg4 7. Qb3 Qc7 8. h3 Bh5 9. g4 Bg6 10. Nxg6 hxg6 11. Bg2 Be7 12. Bd2 Nbd7 13. O-O-O Nb6 14. cxd5 exd5 15. Kb1 Nc4 16. Be1 b5 17. e4 dxe4 18. Nxe4 Nd5 19. Nc3 Nxc3+ 20. Bxc3 a5 21. d5 a4 22. Qc2 cxd5 23. Bxd5 Rc8 24. Qe4 O-O 25. Qxg6 Na3+ 26. Ka1 Nc2+ 27. Qxc2 b4 28. Rd3 Bf6 29. Rc1 bxc3 30. bxc3 Qa5 31. Qd2 Rc5 32. g5 Be5 33. f4 Bxf4 34. Qxf4 Rxd5 35. Rxd5 Qxd5 1/2-1/2

[Event "XXII. DBMM Schach"]
[Site "Dresden"]
[Date "2024.01.18"]
[Round "2.2"]
[Board "2"]
[White "Rasskazov, Oleg"]
[Black "Humke, Andreas"]
[Result "0-1"]
[WhiteElo "1200"]
[BlackElo "1919"]
[Annotator "br"]
[PlyCount "66"]
[GameId "489223819675"]
[EventDate "2024.01.18"]
[EventType "team-swiss"]
[EventRounds "7"]
[EventCountry "GER"]
[Tiebreak "Buchholz"]
[SourceTitle "XXII. DBMM Schach"]
[Source "FV Schach e.V."]
[SourceDate "2024.01.21"]
[SourceVersion "1"]
[SourceVersionDate "2024.01.21"]
[SourceQuality "1"]
[WhiteTeam "DZ Bank Frankfurt II"]
[BlackTeam "Gardez Robe Berlin II"]
[WhiteTeamCountry "GER"]
[BlackTeamCountry "GER"]

1. d4 d5 2. Nf3 c6 3. Nc3 Bf5 4. Bf4 e6 5. h3 Bd6 6. Bg5 f6 7. Bd2 e5 8. dxe5 fxe5 9. e3 Nf6 10. Nh4 Be6 11. Be2 O-O 12. O-O Nbd7 13. f4 Qb6 14. f5 Bf7 15. Qc1 d4 16. Na4 Qc7 17. b3 b5 18. Nb2 dxe3 19. Bxe3 Nd5 20. Bf2 e4 21. c4 e3 22. Bxe3 Nxe3 23. Qxe3 Bc5 24. Rf3 Bxe3+ 25. Rxe3 Qf4 26. Rd3 Nc5 27. g3 Qe5 28. Rf3 Qxb2 29. Re1 Qd2 30. Kf1 Rae8 31. Rf2 Ne4 32. Rg2 Qe3 33. Bf3 Nd2+ 0-1

[Event "XXII. DBMM Schach"]
[Site "Dresden"]
[Date "2024.01.18"]
[Round "2.3"]
[Board "3"]
[White "Stamatow, Christian"]
[Black "Ockert, Ralph"]
[Result "0-1"]
[WhiteElo "1843"]
[BlackElo "1200"]
[Annotator "br"]
[PlyCount "72"]
[GameId "489223819678"]
[EventDate "2024.01.18"]
[EventType "team-swiss"]
[EventRounds "7"]
[EventCountry "GER"]
[Tiebreak "Buchholz"]
[SourceTitle "XXII. DBMM Schach"]
[Source "FV Schach e.V."]
[SourceDate "2024.01.21"]
[SourceVersion "1"]
[SourceVersionDate "2024.01.21"]
[SourceQuality "1"]
[WhiteTeam "Gardez Robe Berlin II"]
[BlackTeam "DZ Bank Frankfurt II"]
[WhiteTeamCountry "GER"]
[BlackTeamCountry "GER"]

1. e4 e5 2. Nf3 Nc6 3. Bb5 a6 4. Ba4 Nf6 5. O-O b5 6. Bb3 Bb7 7. d3 Bc5 8. c3 h6 9. h3 O-O 10. Re1 d6 11. Nbd2 Kh8 12. Nf1 Nh5 13. Ng5 Qf6 14. d4 exd4 15. Qxh5 dxc3 16. Nxf7+ Rxf7 17. Qxf7 Bxf2+ 18. Kh1 Qxf7 19. Bxf7 Bxe1 20. Bd5 Rb8 21. Be3 Bh4 22. bxc3 Ne7 23. Bxb7 Rxb7 24. Nd2 Bg3 25. Rf1 Kg8 26. Nb3 Be5 27. Bd4 Bxd4 28. cxd4 Rb8 29. Rc1 Rc8 30. Kg1 Kf7 31. Kf2 Ke6 32. Ke3 Kd7 33. Rc2 Nc6 34. Rf2 Ke7 35. Kd3 Rf8 36. Rc2 Nb4+ 0-1

[Event "XXII. DBMM Schach"]
[Site "Dresden"]
[Date "2024.01.18"]
[Round "2.4"]
[Board "4"]
[White "Kulp, Thomas"]
[Black "Wittkowski, Ralf"]
[Result "0-1"]
[WhiteElo "1200"]
[BlackElo "1780"]
[Annotator "br"]
[PlyCount "68"]
[GameId "489223819679"]
[EventDate "2024.01.18"]
[EventType "team-swiss"]
[EventRounds "7"]
[EventCountry "GER"]
[Tiebreak "Buchholz"]
[SourceTitle "XXII. DBMM Schach"]
[Source "FV Schach e.V."]
[SourceDate "2024.01.21"]
[SourceVersion "1"]
[SourceVersionDate "2024.01.21"]
[SourceQuality "1"]
[WhiteTeam "DZ Bank Frankfurt II"]
[BlackTeam "Gardez Robe Berlin II"]
[WhiteTeamCountry "GER"]
[BlackTeamCountry "GER"]

1. e4 d5 2. exd5 Nf6 3. Nf3 Bg4 4. Be2 Qxd5 5. Nc3 Qh5 6. O-O Nc6 7. d4 O-O-O 8. Be3 e5 9. h3 Nxd4 10. hxg4 Nxe2+ 11. Qxe2 Nxg4 12. Bxa7 f5 13. Rfd1 Bd6 14. Kf1 Qh1+ 15. Ng1 Nh2+ 16. Ke1 Qxg1+ 17. Kd2 Bc5+ 18. Kc1 Rxd1+ 19. Nxd1 Bxa7 20. c3 Rd8 21. Kc2 Qxg2 22. Qxe5 Qe4+ 23. Qxe4 fxe4 24. Ne3 Bxe3 25. fxe3 Nf3 26. Rh1 Rd2+ 27. Kb3 Rh2 28. Rd1 g5 29. Rd5 g4 30. Ra5 g3 31. Ra8+ Kd7 32. a4 g2 33. Rg8 g1=Q 34. Rxg1 Nxg1 0-1

[Event "XXII. DBMM Schach"]
[Site "Dresden"]
[Date "2024.01.18"]
[Round "2.1"]
[Board "1"]
[White "Feikes, Joerg"]
[Black "Hilbig, Olaf"]
[Result "1-0"]
[WhiteElo "2054"]
[BlackElo "2035"]
[Annotator "br"]
[PlyCount "83"]
[GameId "489223819680"]
[EventDate "2024.01.18"]
[EventType "team-swiss"]
[EventRounds "7"]
[EventCountry "GER"]
[Tiebreak "Buchholz"]
[SourceTitle "XXII. DBMM Schach"]
[Source "FV Schach e.V."]
[SourceDate "2024.01.21"]
[SourceVersion "1"]
[SourceVersionDate "2024.01.21"]
[SourceQuality "1"]
[WhiteTeam "BA Tempelhof Berlin II"]
[BlackTeam "BSG Commerzbank Frankfurt"]
[WhiteTeamCountry "GER"]
[BlackTeamCountry "GER"]

1. e4 c5 2. Nc3 Nc6 3. g3 g6 4. Bg2 Bg7 5. d3 e6 6. Be3 d6 7. Nf3 Nge7 8. Qd2 h5 9. d4 cxd4 10. Nxd4 O-O 11. Nxc6 bxc6 12. O-O Rb8 13. b3 Qa5 14. Nd5 Qd8 15. Nxe7+ Qxe7 16. Rad1 Rd8 17. c4 Bf6 18. Qa5 c5 19. Rd3 Rb6 20. Rfd1 Ra6 21. Qd2 Qc7 22. f4 e5 23. Qf2 Bg4 24. R1d2 Re8 25. h3 Bc8 26. Qf3 Bb7 27. f5 Bg7 28. f6 Bf8 29. g4 hxg4 30. hxg4 Bc8 31. Qh3 Qd7 32. Bf3 Bg7 33. Bg5 Qe6 34. fxg7 f6 35. Rh2 Kf7 36. Bh6 Bb7 37. Qh4 Rg8 38. Rf2 Ke7 39. g5 f5 40. exf5 gxf5 41. Bxb7 e4 42. Re3 1-0

[Event "XXII. DBMM Schach"]
[Site "Dresden"]
[Date "2024.01.18"]
[Round "2.2"]
[Board "2"]
[White "Heuermann, Heinz Burkhard"]
[Black "Baranowsky, Peter"]
[Result "0-1"]
[WhiteElo "1793"]
[BlackElo "1883"]
[Annotator "br"]
[PlyCount "46"]
[GameId "489223819681"]
[EventDate "2024.01.18"]
[EventType "team-swiss"]
[EventRounds "7"]
[EventCountry "GER"]
[Tiebreak "Buchholz"]
[SourceTitle "XXII. DBMM Schach"]
[Source "FV Schach e.V."]
[SourceDate "2024.01.21"]
[SourceVersion "1"]
[SourceVersionDate "2024.01.21"]
[SourceQuality "1"]
[WhiteTeam "BSG Commerzbank Frankfurt"]
[BlackTeam "BA Tempelhof Berlin II"]
[WhiteTeamCountry "GER"]
[BlackTeamCountry "GER"]

1. Nf3 Nf6 2. g3 c5 3. Bg2 d5 4. O-O g6 5. b3 Bg7 6. Bb2 O-O 7. d4 Ne4 8. e3 Nc6 9. Qc1 cxd4 10. Nxd4 e5 11. Nxc6 bxc6 12. Bxe4 dxe4 13. Rd1 Qf6 14. Ba3 Qf3 15. Kf1 Bh3+ 16. Ke1 Bg4 17. Kd2 Qxf2+ 18. Kc3 Bxd1 19. Qxd1 Qxe3+ 20. Kb4 Rab8+ 21. Kc4 Rfd8 22. Qe1 Rd4+ 23. Kc5 Rd5+ 0-1

[Event "XXII. DBMM Schach"]
[Site "Dresden"]
[Date "2024.01.18"]
[Round "2.3"]
[Board "3"]
[White "Koerlin, Hans Juergen"]
[Black "Gebhardt, Christian"]
[Result "0-1"]
[WhiteElo "1855"]
[BlackElo "1842"]
[Annotator "br"]
[PlyCount "52"]
[GameId "489223819682"]
[EventDate "2024.01.18"]
[EventType "team-swiss"]
[EventRounds "7"]
[EventCountry "GER"]
[Tiebreak "Buchholz"]
[SourceTitle "XXII. DBMM Schach"]
[Source "FV Schach e.V."]
[SourceDate "2024.01.21"]
[SourceVersion "1"]
[SourceVersionDate "2024.01.21"]
[SourceQuality "1"]
[WhiteTeam "BA Tempelhof Berlin II"]
[BlackTeam "BSG Commerzbank Frankfurt"]
[WhiteTeamCountry "GER"]
[BlackTeamCountry "GER"]

1. e4 e6 2. d4 d5 3. Nd2 Nf6 4. e5 Nfd7 5. Bd3 c5 6. c3 Nc6 7. Ne2 cxd4 8. cxd4 f6 9. exf6 Nxf6 10. f4 Bd6 11. Nf3 O-O 12. O-O Bd7 13. Bd2 Be8 14. Rc1 Bh5 15. Be3 Bxf3 16. Rxf3 Rc8 17. Rh3 g6 18. Qe1 Nh5 19. g3 a6 20. Qf2 Rc7 21. Qf3 Rcf7 22. Qg4 Nf6 23. Qh4 Rg7 24. Kg2 h5 25. Bg1 Be7 26. f5 Ng4 0-1

[Event "XXII. DBMM Schach"]
[Site "Dresden"]
[Date "2024.01.18"]
[Round "2.4"]
[Board "4"]
[White "Klowski, Bjoern Sigurd"]
[Black "Thomas, Andreas"]
[Result "0-1"]
[WhiteElo "1601"]
[BlackElo "1835"]
[Annotator "br"]
[PlyCount "58"]
[GameId "489223819683"]
[EventDate "2024.01.18"]
[EventType "team-swiss"]
[EventRounds "7"]
[EventCountry "GER"]
[Tiebreak "Buchholz"]
[SourceTitle "XXII. DBMM Schach"]
[Source "FV Schach e.V."]
[SourceDate "2024.01.21"]
[SourceVersion "1"]
[SourceVersionDate "2024.01.21"]
[SourceQuality "1"]
[WhiteTeam "BSG Commerzbank Frankfurt"]
[BlackTeam "BA Tempelhof Berlin II"]
[WhiteTeamCountry "GER"]
[BlackTeamCountry "GER"]

1. e4 c5 2. c3 d5 3. exd5 Qxd5 4. d4 e6 5. Nf3 Nf6 6. Be2 Be7 7. Na3 cxd4 8. Nb5 Qd8 9. Bf4 Nd5 10. Bg3 dxc3 11. bxc3 a6 12. Qa4 O-O 13. Rd1 Bd7 14. Rd2 Nb6 15. Qd1 axb5 16. Bxb5 Nd5 17. Bxd7 Nxd7 18. O-O Qc8 19. Ne5 Nxe5 20. Bxe5 Bf6 21. f4 Bxe5 22. fxe5 Ne3 23. Qf3 Nxf1 24. Kxf1 Qc4+ 25. Kf2 Rxa2 26. Rxa2 Qxa2+ 27. Kg3 Qd5 28. Qe3 Rd8 29. Qf4 Qd3+ 0-1

[Event "XXII. DBMM Schach"]
[Site "Dresden"]
[Date "2024.01.18"]
[Round "2.1"]
[Board "1"]
[White "Guder, Sibylle"]
[Black "Spory, Rayk"]
[Result "1-0"]
[WhiteElo "1822"]
[BlackElo "1722"]
[Annotator "br"]
[PlyCount "119"]
[GameId "489223819684"]
[EventDate "2024.01.18"]
[EventType "team-swiss"]
[EventRounds "7"]
[EventCountry "GER"]
[Tiebreak "Buchholz"]
[SourceTitle "XXII. DBMM Schach"]
[Source "FV Schach e.V."]
[SourceDate "2024.01.21"]
[SourceVersion "1"]
[SourceVersionDate "2024.01.21"]
[SourceQuality "1"]
[WhiteTeam "BA Tempelhof Berlin III"]
[BlackTeam "Berliner Volksbank"]
[WhiteTeamCountry "GER"]
[BlackTeamCountry "GER"]

1. c4 Nc6 2. Nc3 e5 3. g3 Nf6 4. Bg2 Bb4 5. Nd5 Nxd5 6. cxd5 Ne7 7. a3 Bd6 8. d3 c6 9. dxc6 bxc6 10. Nf3 Bc7 11. O-O O-O 12. Qc2 Bb7 13. d4 Ng6 14. Bg5 Qc8 15. Bd2 Re8 16. Bc3 e4 17. Ne5 Nxe5 18. dxe5 Bxe5 19. Bxe5 Rxe5 20. Bxe4 Rh5 21. Bf3 Rh6 22. Qf5 Rf6 23. Qg4 Rg6 24. Qd4 d5 25. Rac1 Rh6 26. Qg4 Qe8 27. Rfd1 Bc8 28. Qf4 Qe6 29. h4 Qe7 30. e4 Rf6 31. Qe3 h6 32. Qd3 Bb7 33. exd5 Rd8 34. Qe4 Qc7 35. Qe2 Qb6 36. dxc6 Rxd1+ 37. Rxd1 Bxc6 38. Bxc6 Qxc6 39. Qd2 Qf3 40. Qd8+ Kh7 41. Qd3+ Qxd3 42. Rxd3 Rb6 43. Rd7 Rxb2 44. Rxf7 a6 45. Ra7 Rb6 46. h5 Kg8 47. Kg2 g5 48. hxg6 Rxg6 49. Kf3 Rf6+ 50. Kg2 Kh8 51. f4 Rc6 52. Kh3 Kg8 53. Kh4 Rd6 54. g4 Rc6 55. g5 hxg5+ 56. Kxg5 Rc5+ 57. f5 Ra5 58. Kg6 Kf8 59. f6 Rxa3 60. Ra8# 1-0

[Event "XXII. DBMM Schach"]
[Site "Dresden"]
[Date "2024.01.18"]
[Round "2.2"]
[Board "2"]
[White "Boettger, Bernd"]
[Black "Schmidt, Joerg"]
[Result "1/2-1/2"]
[WhiteElo "1583"]
[BlackElo "1992"]
[Annotator "br"]
[PlyCount "29"]
[GameId "489223819685"]
[EventDate "2024.01.18"]
[EventType "team-swiss"]
[EventRounds "7"]
[EventCountry "GER"]
[Tiebreak "Buchholz"]
[SourceTitle "XXII. DBMM Schach"]
[Source "FV Schach e.V."]
[SourceDate "2024.01.21"]
[SourceVersion "1"]
[SourceVersionDate "2024.01.21"]
[SourceQuality "1"]
[WhiteTeam "Berliner Volksbank"]
[BlackTeam "BA Tempelhof Berlin III"]
[WhiteTeamCountry "GER"]
[BlackTeamCountry "GER"]

1. d4 Nf6 2. Nf3 g6 3. e3 Bg7 4. Bd3 d5 5. Nbd2 O-O 6. O-O b6 7. c3 Nbd7 8. e4 dxe4 9. Nxe4 Bb7 10. Re1 e6 11. Bg5 Qc8 12. Qd2 Nxe4 13. Bxe4 Nf6 14. Bxb7 Qxb7 15. Bh6 1/2-1/2

[Event "XXII. DBMM Schach"]
[Site "Dresden"]
[Date "2024.01.18"]
[Round "2.3"]
[Board "3"]
[White "Glienke, Michael"]
[Black "Von Schoening, Ulrich"]
[Result "1-0"]
[WhiteElo "1809"]
[BlackElo "1550"]
[Annotator "br"]
[PlyCount "71"]
[GameId "489223819686"]
[EventDate "2024.01.18"]
[EventType "team-swiss"]
[EventRounds "7"]
[EventCountry "GER"]
[Tiebreak "Buchholz"]
[SourceTitle "XXII. DBMM Schach"]
[Source "FV Schach e.V."]
[SourceDate "2024.01.21"]
[SourceVersion "1"]
[SourceVersionDate "2024.01.21"]
[SourceQuality "1"]
[WhiteTeam "BA Tempelhof Berlin III"]
[BlackTeam "Berliner Volksbank"]
[WhiteTeamCountry "GER"]
[BlackTeamCountry "GER"]

1. d4 d5 2. Bf4 e6 3. e3 Nf6 4. Nf3 Bd6 5. Bg3 Nbd7 6. c4 Ne4 7. Nc3 Nxg3 8. hxg3 c6 9. Rc1 Nf6 10. a3 h6 11. b4 b6 12. Qb3 Bd7 13. Bd3 Qe7 14. O-O dxc4 15. Bxc4 b5 16. Bd3 O-O 17. Rc2 Rfc8 18. Rfc1 a5 19. Na2 a4 20. Qb2 Ng4 21. Be4 Qe8 22. Nc3 f5 23. Bd3 Qe7 24. Ne2 g5 25. Rc3 e5 26. dxe5 Nxe5 27. Qc2 Rf8 28. Ned4 Nxd3 29. Qxd3 Bxb4 30. axb4 Qxb4 31. Ne5 a3 32. Ndxc6 Qb2 33. Ne7+ Kh7 34. Qd6 Qxc1+ 35. Rxc1 Rf7 36. Qg6+ 1-0

[Event "XXII. DBMM Schach"]
[Site "Dresden"]
[Date "2024.01.18"]
[Round "2.4"]
[Board "4"]
[White "Barnes, David"]
[Black "Schneider, Eckehard"]
[Result "0-1"]
[WhiteElo "1377"]
[BlackElo "1797"]
[Annotator "br"]
[PlyCount "70"]
[GameId "489223819687"]
[EventDate "2024.01.18"]
[EventType "team-swiss"]
[EventRounds "7"]
[EventCountry "GER"]
[Tiebreak "Buchholz"]
[SourceTitle "XXII. DBMM Schach"]
[Source "FV Schach e.V."]
[SourceDate "2024.01.21"]
[SourceVersion "1"]
[SourceVersionDate "2024.01.21"]
[SourceQuality "1"]
[WhiteTeam "Berliner Volksbank"]
[BlackTeam "BA Tempelhof Berlin III"]
[WhiteTeamCountry "GER"]
[BlackTeamCountry "GER"]

1. d4 Nf6 2. Nc3 g6 3. Bg5 Bg7 4. Qd2 d5 5. Bh6 O-O 6. Bxg7 Kxg7 7. O-O-O c6 8. f3 b5 9. e4 b4 10. e5 Ne8 11. Na4 Qa5 12. b3 Nd7 13. Kb1 Nc7 14. h4 h5 15. g4 Rh8 16. Bd3 Nb5 17. Bxb5 Qxb5 18. Ne2 Nb6 19. Nc5 hxg4 20. Nf4 a5 21. e6 a4 22. Qd3 Qa5 23. exf7 Bf5 24. Qe3 axb3 25. Qxb3 Nc4 26. Nfd3 Rab8 27. h5 Qb5 28. h6+ Kh7 29. f8=Q Rbxf8 30. Qxb4 Qxb4+ 31. Nxb4 Rb8 32. Nb3 Rxb4 33. Rde1 Ra8 34. Ka1 Bxc2 35. Nc5 Rb2 0-1

[Event "XXII. DBMM Schach"]
[Site "Dresden"]
[Date "2024.01.18"]
[Round "2.1"]
[Board "1"]
[White "Hund, Sarah"]
[Black "Hartig, Frank"]
[Result "1-0"]
[WhiteElo "2015"]
[BlackElo "2080"]
[Annotator "br"]
[PlyCount "44"]
[GameId "489223819688"]
[EventDate "2024.01.18"]
[EventType "team-swiss"]
[EventRounds "7"]
[EventCountry "GER"]
[Tiebreak "Buchholz"]
[SourceTitle "XXII. DBMM Schach"]
[Source "FV Schach e.V."]
[SourceDate "2024.01.21"]
[SourceVersion "1"]
[SourceVersionDate "2024.01.21"]
[SourceQuality "1"]
[WhiteTeam "SV Sparkassenversicherung Suttgart"]
[BlackTeam "EFS Filtertechnik Erkrath"]
[WhiteTeamCountry "GER"]
[BlackTeamCountry "GER"]

1. e4 d6 2. d4 g6 3. Nf3 Bg7 4. Bd3 Nc6 5. c3 e5 6. d5 Nce7 7. c4 Nf6 8. Nc3 O-O 9. h3 Nh5 10. g4 Nf4 11. Bxf4 exf4 12. Qd2 f5 13. gxf5 gxf5 14. Rg1 Ng6 15. O-O-O b5 16. exf5 bxc4 17. fxg6 cxd3 18. gxh7+ Kh8 19. Rg5 Bf5 20. Rdg1 Bxc3 21. Qxc3+ Qf6 22. Rg8+ Kxh7 1-0